000 00567nam a2200217Ia 4500
003 OSt
005 20220918192509.0
006 a|||||r|||| 00| 0
007 ta
008 220917b |||||||| |||| 00| 0 eng d
024 _a68,752
037 _cTextual
040 _aARTS
_cARTS
_beng
041 _2eng
_aeng
082 _aR3, L07
100 _aDeGrood David H
_978727
245 0 _aPhilosophers of essence
_b an examination of the category of essence
260 _c1970
942 _hR3, L07
_cTEXL
_2CC
999 _c194923
_d194923